000 00780nam a2200217 a 4500
005 20200104041505.0
008 140113t1996 at o fr|||| 000 0 eng d
020 _a0642244278
040 _aCO-BoIAVH
_cCO-BoIAVH
041 0 _aeng
082 0 4 _a354.334
_bN27n
110 2 _bAustralia. Minister of the Commonwealth
_aMinister of the Commonwealth
245 0 4 _aThe national strategy for the conservation of Australian's biological diversity
260 _aAustralia :
_bConservation of Biogical Diversity ,
_cc1996.
300 _a69 páginas :
_bFotografías ;
_c30 x 21 cm.
650 6 _aConservación de biodiversidad
650 6 _aPolítica ambiental
650 6 _aEstrategias nacionales de biodiversidad
662 _aAustralia
942 _cLIBRO
_2ddc
999 _c64
_d64